Richard Henry Wilde papers, (Record no. 43174)
[ view plain ]
| 000 -LEADER | |
|---|---|
| fixed length control field | 01825cpcaa2200433 a 4500 |
| 001 - CONTROL NUMBER | |
| control field | mm 81045633 |
| 003 - CONTROL NUMBER IDENTIFIER | |
| control field | DLC |
| 005 - DATE AND TIME OF LATEST TRANSACTION | |
| control field | 20260227111708.0 |
| 007 - PHYSICAL DESCRIPTION FIXED FIELD--GENERAL INFORMATION | |
| fixed length control field | cr ||||||||||| |
| 008 - FIXED-LENGTH DATA ELEMENTS--GENERAL INFORMATION | |
| fixed length control field | 811028|||||||||||| eng |
| 010 ## - LIBRARY OF CONGRESS CONTROL NUMBER | |
| LC control number | mm 81045633 |
| 040 ## - CATALOGING SOURCE | |
| Original cataloging agency | DLC |
| Transcribing agency | DLC |
| Modifying agency | DLC |
| Description conventions | dacs |
| 041 ## - LANGUAGE CODE | |
| Language code of text/sound track or separate title | eng |
| -- | ger |
| -- | ita |
| -- | lat |
| 072 #7 - SUBJECT CATEGORY CODE | |
| Subject category code | L |
| Source | lcmd |
| 100 1# - MAIN ENTRY--PERSONAL NAME | |
| Personal name | Wilde, Richard Henry, |
| Dates associated with a name | 1789-1847. |
| 245 00 - TITLE STATEMENT | |
| Title | Richard Henry Wilde papers, |
| Inclusive dates | 1807-1867. |
| 300 ## - PHYSICAL DESCRIPTION | |
| Extent | 60 |
| Type of unit | items. |
| 300 ## - PHYSICAL DESCRIPTION | |
| Extent | 5 |
| Type of unit | containers. |
| 300 ## - PHYSICAL DESCRIPTION | |
| Extent | 2 |
| Type of unit | linear feet. |
| 506 0# - RESTRICTIONS ON ACCESS NOTE | |
| Terms governing access | Open to research. |
| 520 8# - SUMMARY, ETC. | |
| Summary, etc. | Correspondence relating chiefly to national politics, drafts of Hesperia (1867), unpublished works titled The Italian Lyric Poets and The Life and Times of Dante, poems, essay, and notes. |
| 533 ## - REPRODUCTION NOTE | |
| Type of reproduction | In part, typewritten transcript. |
| Place of reproduction | [S.l.]. |
| 545 0# - BIOGRAPHICAL OR HISTORICAL DATA | |
| Biographical or historical data | U.S. representative from Georgia, lawyer, and poet. |
| 546 ## - LANGUAGE NOTE | |
| Language note | Collection material in English with German, Italian, and Latin. |
| 555 8# - CUMULATIVE INDEX/FINDING AIDS NOTE | |
| Cumulative index/finding aids note | Finding aid available in the Library of Congress Manuscript Reading Room and at |
| Uniform Resource Identifier | <a href="http://hdl.loc.gov/loc.mss/eadmss.ms008143">http://hdl.loc.gov/loc.mss/eadmss.ms008143</a> |
| 600 00 - SUBJECT ADDED ENTRY--PERSONAL NAME | |
| Personal name | Dante Alighieri, |
| Dates associated with a name | 1265-1321. |
| 650 #0 - SUBJECT ADDED ENTRY--TOPICAL TERM | |
| Topical term or geographic name entry element | Literature. |
| 650 #0 - SUBJECT ADDED ENTRY--TOPICAL TERM | |
| Topical term or geographic name entry element | Poetry. |
| 651 #0 - SUBJECT ADDED ENTRY--GEOGRAPHIC NAME | |
| Geographic name | United States |
| General subdivision | Politics and government |
| Chronological subdivision | 1815-1861. |
| 656 #7 - INDEX TERM--OCCUPATION | |
| Occupation | Lawyers. |
| Source of term | itoamc |
| 656 #7 - INDEX TERM--OCCUPATION | |
| Occupation | Poets. |
| Source of term | itoamc |
| 656 #7 - INDEX TERM--OCCUPATION | |
| Occupation | Representatives, U.S. Congress |
| Geographic subdivision | Georgia. |
| Source of term | itoamc |
| 700 12 - ADDED ENTRY--PERSONAL NAME | |
| Personal name | Wilde, Richard Henry, |
| Dates associated with a name | 1789-1847. |
| Title of a work | Hesperia. |
| Date of a work | 1867. |
| 856 4# - ELECTRONIC LOCATION AND ACCESS | |
| Materials specified | Finding aid |
| Uniform Resource Identifier | <a href="http://hdl.loc.gov/loc.mss/eadmss.ms008143">http://hdl.loc.gov/loc.mss/eadmss.ms008143</a> |
| 856 4# - ELECTRONIC LOCATION AND ACCESS | |
| Materials specified | Finding aid (PDF) |
| Uniform Resource Identifier | <a href="http://hdl.loc.gov/loc.mss/eadmss.ms008143.3">http://hdl.loc.gov/loc.mss/eadmss.ms008143.3</a> |
No items available.